| 000 | 00560nam a2200181 i 4500 | ||
|---|---|---|---|
| 001 | 93744 | ||
| 003 | ES-MaACL | ||
| 005 | 20230906181315.0 | ||
| 007 | t| | ||
| 008 | 050419s1947 sp ||||1| spa d | ||
| 100 | 1 |
_aLópez Flores, Manuel. _973643 |
|
| 245 | 1 | 3 |
_aEl bizarro doncel Palatino de Vandalia _b: (novela caballeresca) / _cManuel López Flores. |
| 250 | _bEdición príncipe. | ||
| 260 |
_aBarcelona : _bClásica, _c1947. |
||
| 300 |
_a459 p. (1), 4 h. ; _c29 cm. |
||
| 500 | _a(1) En la p. 6 autorretrato. | ||
| 852 |
_aES-MaACL _jB-13759 _bR.25165 |
||
| 999 |
_c93744 _d93744 |
||